Keď sa zimná dovolenka snúbi s wellness

Francúzsky hotelový reťazec Montaignes Mer Villages (MMV) ponúkajúci pobyty v 3-4 hviezdičkových hoteloch v atraktívnych turistických destináciách na horách aj pri mori realizoval 10-ročný hĺbkový prieskum o motivácii klientov pri výbere destinácie. Štúdia bola zverejnená na veľtrhu Equip Hotel v Pa...

Ausführliche Beschreibung

Gespeichert in:
Bibliographische Detailangaben
1. Verfasser: Cathala, Hana
Format: Buchkapitel
Sprache:Slowakisch
Schlagworte:
Tags: Tag hinzufügen
Keine Tags, Fügen Sie das erste Tag hinzu!

MARC

LEADER 00000naa a2200000 4500
001 0225444
005 20231011130407.9
041 0 |a slo 
044 |a SK 
245 1 0 |a Keď sa zimná dovolenka snúbi s wellness  |c Hana Cathala 
520 |a Francúzsky hotelový reťazec Montaignes Mer Villages (MMV) ponúkajúci pobyty v 3-4 hviezdičkových hoteloch v atraktívnych turistických destináciách na horách aj pri mori realizoval 10-ročný hĺbkový prieskum o motivácii klientov pri výbere destinácie. Štúdia bola zverejnená na veľtrhu Equip Hotel v Paríži v tomto roku. Závery z tejto štúdie. 
610 2 0 |a ruch cestovný 
610 2 0 |a služby 
610 2 0 |a zákazníci 
610 2 0 |a kvalita služieb 
610 2 0 |a ponuka 
610 2 0 |a dopyt 
610 2 0 |a prieskum 
610 2 0 |a Francúzsko 
100 1 |a Cathala, Hana